000 00951cab a2200277 4500
001 WB3413-54
008 090401t1998 xxu||||| |||| 00| 0 eng d
035 _a(Sirsi) u85324
041 _aeng
245 _aFirst regional chamber inaugurated
260 _c1998
350 _a0
490 _aFinancial Times
_v28 March 1998, 6
490 _aDETR News Release
_v248/ENV 27 March 1998, (7)
520 _aThe first of the regional chambers aimed at supporting the regional development agencies has been set up in Humberside and Yorkshire. The Rural Development Commission and the Countryside Commission are to merge.
650 _aCONSERVATION
650 _aCOUNTRYSIDE COMMISSION
650 _aREGIONAL CHAMBERS
650 _aREGIONAL DEVELOPMENT AGENCIES
650 _aREGIONAL DEVELOPMENT
650 _aRURAL DEVELOPMENT COMMISSION
650 _aRURAL DEVELOPMENT
690 _aURBAN RENEWAL
942 _n0
948 _c31/03/1998
999 _c53647
_d53647